书目信息 |
| 题名: |
质朴的生活智慧
|
|
| 作者: | 杨定海 , 肖大威 著 | |
| 分册: | ||
| 出版信息: | 北京 中国城市出版社 2017.12 |
|
| 页数: | 297页 | |
| 开本: | 26cm | |
| 丛书名: | 中国传统村落及其民居保护与文化地理研究文库 | |
| 单 册: | ||
| 中图分类: | K926.6 | |
| 科图分类: | ||
| 主题词: | 地理--中国 | |
| 电子资源: | ||
| ISBN: | 978-7-5074-3115-5 | |
| 000 | 00900nam0 2200241 450 | |
| 001 | 1952908732 | |
| 005 | 20190312144642.55 | |
| 010 | @a978-7-5074-3115-5@dCNY118.00 | |
| 100 | @a20190312d2017 km y0chiy0120 ea | |
| 101 | 0 | @achi |
| 102 | @aCN@b110000 | |
| 200 | 1 | @a质朴的生活智慧@AZhi Pu De Sheng Huo Zhi Hui@e海南岛传统聚落与建筑空间形态@f杨定海, 肖大威著@FYang Ding Hai,Xiao Da Wei Zhu |
| 210 | @a北京@c中国城市出版社@d2017.12 | |
| 215 | @a297页@d26cm | |
| 225 | 2 | @a中国传统村落及其民居保护与文化地理研究文库 |
| 410 | 0 | @12001 @a中国传统村落及其民居保护与文化地理研究文库 |
| 517 | 1 | @a海南岛传统聚落与建筑空间形态@AHai Nan Dao Chuan Tong Ju Luo Yu Jian Zhu Kong Jian Xing Tai |
| 606 | 0 | @a地理@x中国 |
| 690 | @aK926.6@v4 | |
| 701 | 0 | @a杨定海@AYang Ding Hai@4著 |
| 701 | 0 | @a肖大威@AXiao Da Wei@4著 |
| 801 | 0 | @aCN@b大连网信软件有限公司图书馆·11@c20190312 |
| 905 | @aZUCC@dK926.6@eY162 | |
| 质朴的生活智慧:海南岛传统聚落与建筑空间形态/杨定海, 肖大威著.-北京:中国城市出版社,2017.12 |
| 297页;26cm.-(中国传统村落及其民居保护与文化地理研究文库) |
| ISBN 978-7-5074-3115-5:CNY118.00 |
| ● |
| 相关链接 |
|
|
|
正题名:质朴的生活智慧
索取号:K926.6/Y162
 
预约/预借
| 序号 | 登录号 | 条形码 | 馆藏地/架位号 | 状态 | 备注 |
| 1 | 1244538 | 212445380 | 社科库309/309社科库 15排1列2层/ [索取号:K926.6/Y162] | 在馆 |